Bases especiales de cotizacin̤ ante el IMSS

Bibliographic Details
Format: Microfilm Book
Language:Spanish
Published: Mx̌ico
Subjects:
Online Access:Acceso restringido

MARC

LEADER 00000nam a22000007a 4500
005 20160223143329.0
007 h||||| ||u|
008 160223s2015 mx ||||| |||| 00||0 spa d
020 |a 978-607-8384-73-0 
035 |a 13087 
040 |a vLex 
090 |c 5902  |d 5902 
245 1 0 |a Bases especiales de cotizacin̤ ante el IMSS  |h [Recurso electrn̤ico] /  |c CROSS Comisin̤ Representativa ante Organismos de Seguridad social  
256 |a Servicio en ln̕ea  |6 Instituto Mexicano de Contadores Pb︢licos  |8 2015 
260 |a Mx̌ico 
300 |a 1 recurso electrn̤ico 
500 |a La Ley del Seguro Social de 1997 (LSS) contempla varias modalidades de aseguramiento, que permiten, tanto en el rǧimen obligatorio como en el voluntario, inscribirse e inscribir a un mayor nm︢ero de derechohabientes para obtener los beneficios que el Instituto Mexicano del Seguro Social (IMSS) otorga a sus asegurados y beneficiarios y, por lo tanto, las bases de cotizacin̤ para el pago de las cuotas de financiamiento de este servicio, las cuales difieren, al igual que las prestaciones otorgadas, dependiendo de si se encuentran contempladas en el rǧimen obligatorio o en el voluntario. Las prestaciones que establece la LSS y que el IMSS brinda a sus derechohabientes, se encuentran reguladas por dos regm̕enes: el obligatorio y el voluntario. En el primero una persona es afiliada por su patrn̤ por tener una relacin̤ laboral que obliga a su aseguramiento, y este se integra por cinco tipos de seguros: Riesgos de trabajo; Enfermedades y maternidad; Invalidez y vida; Retiro, cesanta̕ en edad avanzada y vejez, y Guardera̕s y prestaciones sociales; mientras que en el rǧimen voluntario la afiliacin̤ es producto de una decisin̤ individual o colectiva, y este cuenta con el Seguro de salud para la familia, el Seguro facultativo y algunas otras modalidades de incorporacin̤ voluntaria. Por lo anterior, Bases especiales de cotizacin̤ ante el IMSS tiene por objeto orientar a todos los interesados en el tema de la seguridad social y ayudar a comprender algunas modalidades establecidas por la LSS en materia de bases especiales de cotizacin̤, por ejemplo, en los siguientes rubros: trabajadores eventuales del campo, trabajadores de la industria de la construccin̤, rǧimen de incorporacin̤ fiscal, rǧimen del servicio del autotransporte de pasajeros y carga. 
506 1 |a Contenido solo disponible en los productos indicados  |d vLex Global  |d vLex Global (Academic Edition, excluding Law Schools)  |d vLex Global (U.S. Academic Edition, Law Schools)  |d vLex Global (U.S. Academic Edition, excluding Law Schools)  |d vLex Global (Academic Edition, Law Schools) 
650 0 4 |a Derecho  |z Mx̌ico 
740 0 |a vLex libros (servicio en ln̕ea)  
856 4 0 |u http://vlex.com/source/bases-especiales-de-cotizacion-ante-el-imss-13087  |z Acceso restringido  
942 |c BOOK 
999 0 |a Law